=LDR 00000nam 2200000 4500 =001 000725 =005 20250711034718 =035 ##$$a 0010-0725000593 =007 ta =008 250711################a##########0#ind## =020 ##$$a 978-623-307-629-6 =082 ##$$a 398.209 598 =084 ##$$a 398.209 598 PHO m =100 #$$a Phoung Mai =245 1#$$a Manusia Super Penyelamat Kucing /$c Mai Phoung =250 ##$$a Cetakan Pertama 2024 =260 ##$$a Jakarta :$b Badan Pengembangan dan Pembinaan Bahasa,$c 2022 =300 ##$$a 20 hlm : $b Ilus. ; $c 22,9 cm =650 #4$$a Cerita Anak Indonesia - Terjemahan =650 #4$$a Literasi- Bahan Bacaan =990 ##$$a TBM05000500